00924nam a2200253Ia 4500003000400000005001700004008004100021020001500062040001800077041000800095082002000103100002600123245007400149250001200223260007000235300002900305650004300334650005400377650003700431700002900468942002700497999001900524952012700543OSt20250527120308.0210716s2002 xx 000 0 und d a8173662827 cAIMIT LIBRARY aeng a005.7402 bMATN aMattew, Neil.9211281 aBeginning databases with mysql /cBy Neil Matthew and Richard Stones. a1st ed. aNew Delhi :bShroff Publishers and Distributors Pvt Ltd ,c2002. axi,575 p.;bPBc24.2 cm. aRelational database principles9211282 aInstalling and getting started with mysql9211283 aTransactions and locking9211284 aStones, Richard.9211285 2ddccBKk005.7402 MATN c185694d185694 001040708MCAaAIMITbAIMITeBook Worldg500.00l0o005.7402 MATNpMCA05202r2025-07-21 00:00:00v425.00w2021-07-16yBK